• 首页
  • 本馆介绍
  • 公告通知
  • 最新文献
  • 馆藏检索
  • 电子资源
  • 读者导购
  • 参考咨询
  • 我的图书馆
  • 登录
  • 详细信息显示
  • 放入我的书架
  • 预约/预借图书
  • 作者相关作品
  • 分类相关作品
  • 丛书相关作品
  • 出版社相关作品

书目信息

  • 表格格式
  • 工作单格式
  • 卡片格式
题名:
中国中东部晚前寒武纪地层与地质演化
    
 
作者: 刘鸿允 , 郝杰 , 李日俊 著
分册:  
出版信息: 北京   科学出版社  1999.03
页数: 200页
开本: 26cm
丛书名:
单 册:
中图分类: P534.1
科图分类:
主题词: 地层学 , 前寒武纪--地层--研究--中国 , 前寒武纪--地质学--研究--中国
电子资源:
ISBN: 7-03-007080-1
000 00759nam0 2200241 45
001 0301160970
005 20031219104103.5
010    @a7-03-007080-1@dCNY30.00
100    @a20030116d1999 km y0chiy0120 ea
101 0  @achi
105    @a z 000yy
200 1  @a中国中东部晚前寒武纪地层与地质演化@AZhong Guo Zhong Dong Bu Wan Qian Han Wu Ji Di Ceng Yu Di Zhi Yan Hua@f刘鸿允,郝杰,李日俊著@FLiu Hong Yun,Hao Jie,Li Ri Jun Zhu
210    @a北京@c科学出版社@d1999.03
215    @a200页@d26cm
606 0  @a地层学
606 0  @a前寒武纪@x地层@x研究@y中国
606 0  @a前寒武纪@x地质学@x研究@y中国
690    @aP534.1@v4
701  0 @a刘鸿允@4著
701  0 @a郝杰@4著
701  0 @a李日俊@4著
801    @aCN@bTSTC@c20030116
905    @b319387@dP534.1@e65@f1
    
    中国中东部晚前寒武纪地层与地质演化/刘鸿允,郝杰,李日俊著.-北京:科学出版社,1999.03
    200页;26cm
    
    
    ISBN 7-03-007080-1:CNY30.00
    
●
相关链接 在E读中查询图书 在五车中查询图书 在当当中查询图书 在豆瓣中查询图书


正题名:中国中东部晚前寒武纪地层与地质演化     索取号:P534.1/65         预约/预借

序号 登录号 条形码 馆藏地/架位号 状态 备注
1 0319387   203193873   第二样本阅览室/ [索取号:P534.1/65] 在馆    
唐山师范学院图书馆 欢迎您!
大连网信软件有限公司© 版权所有